00410nam a22001337a 450000500170000000800410001704100120005808200130007010000120008324500390009526000870013430000300022165000250025120240819104104.0240819b |||||||| |||| 00| 0 eng d aEnglish a349 LAW  lEnglish aThe Law Reports: Probate Division  aLondon: bThe Incorporated Council of Law Reporting for England and Wales, c1973  bxii, 245 pages; c25 cm.  aLegal practice bLaw